Tribhuvan University Central Library

Grammar practice activities;a practical guide for teachers (Record no. 90647)

MARC details
000 -LEADER
fixed length control field 00525nam a22001817a 4500
008 - FIXED-LENGTH DATA ELEMENTS--GENERAL INFORMATION
fixed length control field 200117b xxu||||| |||| 00| 0 eng d
020 ## - INTERNATIONAL STANDARD BOOK NUMBER
International Standard Book Number 978-0-521-15218-1
082 ## - DEWEY DECIMAL CLASSIFICATION NUMBER
Classification number 415/Ur1g
100 ## - MAIN ENTRY--PERSONAL NAME
Personal name Ur,Penny
245 ## - TITLE STATEMENT
Title Grammar practice activities;a practical guide for teachers
250 ## - EDITION STATEMENT
Edition statement 2nd ed.
260 ## - PUBLICATION, DISTRIBUTION, ETC.
Place of publication, distribution, etc. New York,
Name of publisher, distributor, etc. Cambridge University Press,
Date of publication, distribution, etc. 2009
300 ## - PHYSICAL DESCRIPTION
Other physical details xiii,322p.;illus.
504 ## - BIBLIOGRAPHY, ETC. NOTE
Bibliography, etc. note Bibliography:p.317-318
650 ## - SUBJECT ADDED ENTRY--TOPICAL TERM
Topical term or geographic name entry element English Language
650 ## - SUBJECT ADDED ENTRY--TOPICAL TERM
Topical term or geographic name entry element English language-grammar
942 ## - ADDED ENTRY ELEMENTS (KOHA)
Source of classification or shelving scheme Dewey Decimal Classification
Koha item type General Collections
Holdings
Withdrawn status Lost status Source of classification or shelving scheme Damaged status Not for loan Home library Current library Shelving location Date acquired Total Checkouts Full call number Barcode Date last seen Price effective from Koha item type
    Dewey Decimal Classification     Tribhuvan University Central Library Tribhuvan University Central Library New Building 01/17/2020   415/Ur1c 162545 01/17/2020 01/17/2020 General Collections
    Dewey Decimal Classification     Tribhuvan University Central Library Tribhuvan University Central Library New Building 01/17/2020   415/Ur1c 162546 01/17/2020 01/17/2020 General Collections